00685nam a2200193 a 4500001001000000003000900010005001700019008004100036040002500077082001900102110005400121245006100175260007200236300002000308500001900328942001400347952011300361999001700474000027842DO-SdBNP20250709091638.0110405s1988 dr 000 0 spa d aDO-SdBNPbspacBNPHU 4axxxbB213c2222 aBanco Central de la República Dominicana98340510aCuentas nacionales 1980-1984 :bproducto nacional bruto. aSanto Domingo :bBanco Central de la República Dominicana,c1988. a76 p. ;c28 cm. aIncluye anexos 2ddccLBS1 0010718PDaPDbPDcCTd2011-04-05iLF1l0oxxx B213cp27842-10r2020-06-25w2020-06-25yLFPDZNo se presta c27334d27334